| 000 | 00399nam a22001697a 4500 | ||
|---|---|---|---|
| 003 | OSt | ||
| 005 | 20220118092217.0 | ||
| 008 | 220118b |||||||| |||| 00| 0 eng d | ||
| 020 | _a978007064483 | ||
| 040 | _cHU | ||
| 082 | _a658 | ||
| 100 |
_aOPE _925334 |
||
| 245 | _aOPERATION MANAGEMENT FOR COMEPITATIVE ADVANTAGE | ||
| 260 |
_aLONDON _bTOKIYO _c2006 |
||
| 300 | _a875 | ||
| 942 |
_2ddc _cBOOKS _n0 |
||
| 999 |
_c27449 _d27449 |
||